<?xml version="1.0" encoding="UTF-8"?>
<record
    xmlns:xsi="http://www.w3.org/2001/XMLSchema-instance"
    xsi:schemaLocation="http://www.loc.gov/MARC21/slim http://www.loc.gov/standards/marcxml/schema/MARC21slim.xsd"
    xmlns="http://www.loc.gov/MARC21/slim">

  <leader>02091cam a2200325 a 4500</leader>
  <datafield tag="999" ind1=" " ind2=" ">
    <subfield code="c">6091</subfield>
    <subfield code="d">6091</subfield>
  </datafield>
  <controlfield tag="001">11962287</controlfield>
  <controlfield tag="003">OSt</controlfield>
  <controlfield tag="005">20200128102451.0</controlfield>
  <controlfield tag="008">000403s2001    ohua     b    001 0 eng  </controlfield>
  <datafield tag="010" ind1=" " ind2=" ">
    <subfield code="a">   00038745 </subfield>
  </datafield>
  <datafield tag="020" ind1=" " ind2=" ">
    <subfield code="a">0324009771</subfield>
  </datafield>
  <datafield tag="020" ind1=" " ind2=" ">
    <subfield code="a">9789812402349</subfield>
  </datafield>
  <datafield tag="040" ind1=" " ind2=" ">
    <subfield code="a">DLC</subfield>
    <subfield code="c">DLC</subfield>
    <subfield code="d">DLC</subfield>
  </datafield>
  <datafield tag="050" ind1="0" ind2="0">
    <subfield code="a">HD58.7</subfield>
    <subfield code="b">.H44 2001</subfield>
  </datafield>
  <datafield tag="082" ind1="0" ind2="0">
    <subfield code="a">658.3</subfield>
    <subfield code="2">21</subfield>
    <subfield code="b">HEL/O</subfield>
  </datafield>
  <datafield tag="100" ind1=" " ind2=" ">
    <subfield code="a">Hellriegel, Don  </subfield>
    <subfield code="9">1516</subfield>
  </datafield>
  <datafield tag="245" ind1="1" ind2="0">
    <subfield code="a">Organizational behavior /</subfield>
    <subfield code="c">Don Hellriegel, John W. Slocum, Jr., Richard W. Woodman.</subfield>
  </datafield>
  <datafield tag="250" ind1=" " ind2=" ">
    <subfield code="a">9th ed.</subfield>
  </datafield>
  <datafield tag="260" ind1=" " ind2=" ">
    <subfield code="a">Cincinnati, Ohio :</subfield>
    <subfield code="b">South-Western College Pub.,</subfield>
    <subfield code="c">2001.</subfield>
  </datafield>
  <datafield tag="300" ind1=" " ind2=" ">
    <subfield code="a">1 v. (various paging) :</subfield>
    <subfield code="b">ill. (some col.) ;</subfield>
    <subfield code="c">29 cm. +</subfield>
    <subfield code="e">1 computer optical disc (4 3/4 in.)</subfield>
  </datafield>
  <datafield tag="500" ind1=" " ind2=" ">
    <subfield code="a">Student CD-ROM included, provides a self-assessment tool for students to use and to reuse as their competencies mature.</subfield>
  </datafield>
  <datafield tag="504" ind1=" " ind2=" ">
    <subfield code="a">Includes bibliographical references and indexes.</subfield>
  </datafield>
  <datafield tag="538" ind1=" " ind2=" ">
    <subfield code="a">System requirements for accompanying computer disc: Windows 95; 12MB available hard disk space, 16MB RAM, 256-color monitor, Internet browser (Netscape Navigator 4.08 or higher; Internet Explorer 4.0), mouse, 486 MHz, 2x CD-ROM drive (4x recommended), 640 x 480 pixel resolution. Windows 98; 12MB available hard disk space, 16MB RAM, 256-color monitor, Internet browser (Netscape Navigator 4.72 or higher; Internet Explorer 5.01), mouse, 486 MHz, 2x CD-ROM drive (4x recommended), 640 x 480 pixel resolution. Macintosh; 12MB available hard disk space, OS 7.0 or higher, 256-color monitor,  mouse, Internet browser (Internet Explorer 4.5; Netscape Navigator 4.08, Netscape Communicator 4.72), Macintosh 68040 or PowerPC platform, 16MB RAM, 640 x 480 pixel resoultion, 2x CD-ROM drive (4x recommended).</subfield>
  </datafield>
  <datafield tag="650" ind1=" " ind2="0">
    <subfield code="a">Organizational behavior.</subfield>
  </datafield>
  <datafield tag="700" ind1="1" ind2=" ">
    <subfield code="a">Slocum, John W.</subfield>
    <subfield code="9">1630</subfield>
  </datafield>
  <datafield tag="700" ind1="1" ind2=" ">
    <subfield code="a">Woodman, Richard W.</subfield>
    <subfield code="9">1631</subfield>
  </datafield>
  <datafield tag="906" ind1=" " ind2=" ">
    <subfield code="a">7</subfield>
    <subfield code="b">cbc</subfield>
    <subfield code="c">orignew</subfield>
    <subfield code="d">1</subfield>
    <subfield code="e">ocip</subfield>
    <subfield code="f">20</subfield>
    <subfield code="g">y-gencatlg</subfield>
  </datafield>
  <datafield tag="942" ind1=" " ind2=" ">
    <subfield code="2">ddc</subfield>
    <subfield code="c">BK</subfield>
    <subfield code="h">658.3</subfield>
    <subfield code="i">HEL/O</subfield>
    <subfield code="k">658.3</subfield>
    <subfield code="m">HEL/O</subfield>
  </datafield>
</record>
